LEADER 01365nam--2200385---450- 001 990002709200203316 005 20060213115505.0 010 $a88-459-0901-4 035 $a000270920 035 $aUSA01000270920 035 $a(ALEPH)000270920USA01 035 $a000270920 100 $a20060210d2004----km-y0itay0103----ba 101 $aita 102 $aIT 105 $a||||||||001yy 200 1 $a<> piano di comunicazione nelle amministrazioni pubbliche$ga cura di Nicoletta Levi 210 $aNapoli$cEdizioni Scientifiche Italiane$dcopyr. 2004 215 $a210 p.$d24 cm 225 2 $aAnalisi e strumenti per l'innovazione$ii manuali 300 $aIn testa al front.: Dipartimento della funzione pubblica. Ufficio per l'innovazione delle pubbliche amministrazioni; Presidenza del Consiglio dei Ministri 606 0 $aAmministrazione pubblica$xServizi d'informazione 606 $aComunicazione 676 $a352.384 702 1$aLEVI,$bNicoletta 801 0$aIT$bsalbc$gISBD 912 $a990002709200203316 951 $aCOLL PRY 9$b14012 E.C.$cCOLL PRY$d00175905 959 $aBK 969 $aGIU 979 $aCHIARA$b90$c20060210$lUSA01$h1128 979 $aCHIARA$b90$c20060210$lUSA01$h1220 979 $aCHIARA$b90$c20060213$lUSA01$h1155 996 $aPiano di comunicazione nelle amministrazioni pubbliche$9250716 997 $aUNISA LEADER 01200nas--2200385---450- 001 990003387770203316 005 20100415141028.0 011 $a1964-9002 035 $a000338777 035 $aUSA01000338777 035 $a(ALEPH)000338777USA01 035 $a000338777 100 $a20100415a20089999km-y0itaa50------ba 101 0 $afre 102 $aFR 110 $aahazz--|||| 200 1$a<> GéoGraphie [2008]$eterre des hommes 210 $aGrenoble$cEd. Glénat$d2008-2009 215 $av.$cill.$d28 cm 326 $aTrimestrale 430 1$1001000207145$12001$aLa Géographie: acta geographica 606 0 $aGeografia$xPeriodici 676 $a910.05 801 0$aIT$bsalbc$gISBD 912 $a990003387770203316 958 $aUMA$bFondo$cn.1 (hiver 2008)= n. 1528- n.7 (hiver 2009)= n. 1534. 959 $aSE 979 $aVITTORIANA$b90$c20100415$lUSA01$h1255 979 $aVITTORIANA$b90$c20100415$lUSA01$h1321 979 $aVITTORIANA$b90$c20100415$lUSA01$h1324 979 $aVITTORIANA$b90$c20100415$lUSA01$h1408 979 $aVITTORIANA$b90$c20100415$lUSA01$h1409 979 $aVITTORIANA$b90$c20100415$lUSA01$h1410 996 $aGeographica$956866 997 $aUNISA